Politics in the developing world / (Record no. 17463)
[ view plain ]
| 000 -LEADER | |
|---|---|
| fixed length control field | 01063aam a2200325 a 4500 |
| 001 - CONTROL NUMBER | |
| control field | 015623184 |
| 003 - CONTROL NUMBER IDENTIFIER | |
| control field | OSt |
| 005 - DATE AND TIME OF LATEST TRANSACTION | |
| control field | 20150404115747.0 |
| 008 - FIXED-LENGTH DATA ELEMENTS--GENERAL INFORMATION | |
| fixed length control field | 101013t2011 enkab frbd f001 0 eng d |
| 020 ## - INTERNATIONAL STANDARD BOOK NUMBER | |
| International Standard Book Number | 9780199570836 (pbk.) |
| 020 ## - INTERNATIONAL STANDARD BOOK NUMBER | |
| International Standard Book Number | 0199570833 (pbk.) |
| 040 ## - CATALOGING SOURCE | |
| Original cataloging agency | EG-ScBUE |
| 043 ## - GEOGRAPHIC AREA CODE | |
| Geographic area code | d------ |
| 082 00 - DEWEY DECIMAL CLASSIFICATION NUMBER | |
| Classification number | 320.91724 |
| Edition number | 22 |
| Item number | POL |
| 245 00 - TITLE STATEMENT | |
| Title | Politics in the developing world / |
| Statement of responsibility, etc | edited by Peter Burnell, Vicky Randall, Lise Rakner. |
| 250 ## - EDITION STATEMENT | |
| Edition statement | 3rd ed. |
| 260 ## - PUBLICATION, DISTRIBUTION, ETC. (IMPRINT) | |
| Place of publication, distribution, etc | Oxford ; |
| -- | New York : |
| Name of publisher, distributor, etc | Oxford University Press, |
| Date of publication, distribution, etc | c.2011. |
| 300 ## - PHYSICAL DESCRIPTION | |
| Extent | xxxviii, 537 p. : |
| Other physical details | maps, tables ; |
| Dimensions | 25 cm. |
| 500 ## - GENERAL NOTE | |
| General note | Glossary : p. 503-512. |
| 500 ## - GENERAL NOTE | |
| General note | Index : p. 527-537. |
| 500 ## - GENERAL NOTE | |
| General note | Online resource centre. |
| 504 ## - BIBLIOGRAPHY, ETC. NOTE | |
| Bibliography, etc | Bibliography : p. [513]-525. |
| 651 #0 - SUBJECT ADDED ENTRY--GEOGRAPHIC NAME | |
| Geographic name | Developing countries |
| General subdivision | Politics and government |
| 9 (RLIN) | 22205 |
| 653 ## - INDEX TERM--UNCONTROLLED | |
| Resource For college | BAEPS, Political Science |
| Arrived date list | May2013 |
| -- | April2015 |
| 655 ## - INDEX TERM--GENRE/FORM | |
| Form subdivision | |
| -- | 33728 |
| 700 1# - ADDED ENTRY--PERSONAL NAME | |
| Personal name | Burnell, Peter J., |
| 9 (RLIN) | 23682 |
| Relator term | editor. |
| 700 1# - ADDED ENTRY--PERSONAL NAME | |
| Personal name | Randall, Vicky, |
| 9 (RLIN) | 23683 |
| Relator term | editor. |
| 700 1# - ADDED ENTRY--PERSONAL NAME | |
| Personal name | Rakner, Lise, |
| 9 (RLIN) | 33188 |
| Relator term | editor. |
| 942 ## - ADDED ENTRY ELEMENTS (KOHA) | |
| Source of classification or shelving scheme | Dewey Decimal Classification |
| Item type | Book - Borrowing |
| Withdrawn status | Item status | Source of classification or shelving scheme | Damaged status | Not for loan | Vendor | Home library | Current library | Shelving location | Date acquired | Source of acquisition | Total Checkouts | Full call number | Barcode | Date last seen | Koha item type | Total Renewals | Date last borrowed |
|---|---|---|---|---|---|---|---|---|---|---|---|---|---|---|---|---|---|
| Dewey Decimal Classification | Baccah | Central Library | Central Library | First floor | 14/05/2013 | 320.91724 POL | 000028731 | 15/07/2025 | NB - Book (Non borrowing) | ||||||||
| Dewey Decimal Classification | Baccah | Central Library | Central Library | First floor | 14/05/2013 | 5 | 320.91724 POL | 000028732 | 15/07/2025 | Book - Borrowing | 12 | 18/02/2016 | |||||
| Dewey Decimal Classification | Baccah | Central Library | Central Library | First floor | 14/05/2013 | 6 | 320.91724 POL | 000028733 | 15/07/2025 | Book - Borrowing | 34 | 08/02/2016 | |||||
| Dewey Decimal Classification | Baccah | Central Library | Central Library | First floor | 04/04/2015 | 2 | 320.91724 POL | 000037905 | 15/07/2025 | Book - Borrowing | 7 | 05/05/2016 | |||||
| Dewey Decimal Classification | Baccah | Central Library | Central Library | First floor | 04/04/2015 | 1 | 320.91724 POL | 000037906 | 15/07/2025 | Book - Borrowing | 15 | 08/02/2016 | |||||
| Dewey Decimal Classification | Baccah | Central Library | Central Library | First floor | 04/04/2015 | 1 | 320.91724 POL | 000037907 | 15/07/2025 | Book - Borrowing | 14 | 24/02/2016 | |||||
| Dewey Decimal Classification | Baccah | Central Library | Central Library | First floor | 04/04/2015 | 1 | 320.91724 POL | 000037908 | 15/07/2025 | Book - Borrowing | 18 | 08/02/2016 | |||||
| Dewey Decimal Classification | Baccah | Central Library | Central Library | First floor | 04/04/2015 | 3 | 320.91724 POL | 000037909 | 15/07/2025 | Book - Borrowing | 5 | 05/01/2020 |